| 000 | 00567nam a22001817a 4500 | ||
|---|---|---|---|
| 005 | 20251108175104.0 | ||
| 008 | 250721s2011 xx 000 0 ara d | ||
| 082 | 1 | 4 | _a746.9/خير |
| 100 | 1 |
_aخيرى، نجلاء _eمعد |
|
| 245 | 1 | 0 | _aموسوعة التشكيل بالقماش: زخرقة القماش بالقماش / |
| 264 | 1 |
_aالقاهرة : _bمكتبة ابن سينا، _c2011. |
|
| 300 | _a224 ص.مص. | ||
| 650 | 1 | 7 | _aالزخرفة |
| 650 | 1 | 7 | _aالأقمشة |
| 650 | 1 | 7 | _aصناعة الملابس |
| 942 |
_2ddc _cBK |
||
| 999 |
_c125876 _d125876 |
||